000 00640nam a2200241Ia 4500
003 OSt
005 20220918180820.0
006 a|||||r|||| 00| 0
007 ta
008 220917b |||||||| |||| 00| 0 eng d
024 _a24,299
037 _cTextual
040 _aARTS
_cARTS
_beng
041 _2eng
_aeng
082 _aO111v'L, K8
100 _aHarris R W
_957189
245 0 _aReason and nature in the 18th century 1714-1780
260 _c1968
490 _aBlandford history series ed by R W Harris
650 _aENGLISH LITERATURE
942 _hO111v'L, K8
_cTEXL
_2CC
999 _c163271
_d163271